Ben quiere a Anna

Saved in:
Bibliografiske detaljer
Hovedforfatter: Härtling, Peter (Author)
Format: Bog
Sprog:spansk
Udgivet: Bogotá Santillana 1989
Udgivelse:1a. ed
Serier:Colección Infantil
Fag:
Tags: Tilføj Tag
Ingen Tags, Vær først til at tagge denne postø!

MARC

LEADER 00000nam a2200000 a 4500
001 UCH3814
003 CL-VaPUC
008 090818e19890000CK |||||||||||||||||spa|d
020 |a 9582400579 
082 0 4 |a 833  |b HAR  |2 21 
100 |a Härtling, Peter  |e author  |9 545027 
245 1 0 |a Ben quiere a Anna 
250 |a 1a. ed 
300 |a 98 p 
942 |c BK 
945 |d 20090818 00:00:00  |a lazolas 
260 |a Bogotá  |b Santillana  |c 1989 
500 |a Destinado a niños desde 10 años 
650 7 |a LITERATURA INFANTIL ALEMANA  |2 CL-VaPUC  |9 462414 
583 |a last modification  |c 20090818 00:00:00  |k Rodrigo Vera 
490 0 |a Colección Infantil 
999 |c 335240  |d 335238